000 00512nam a2200205Ia 4500
999 _c17921
_d17921
003 0100
005 20171207104817.0
008 130303s9999 xx 000 0 und d
040 _cARRUPELIB
050 _aGN645.G94 1996
100 _aGyekye, Kwame
_937478
245 _aAfrican cultural values:
_ban introduction /
260 _aAccra, Ghana
_bSankofa Publishing Company
_c1996
300 _axv
300 _b 194p. 22cm.
650 _aEthnology
_zAfrica
_926228
650 _aSocial life and custom
_937993
650 _aAfrica
_xSocial life and custom
_937994
650 _aAkaa (African people)
_937995
650 _aSocial values
_zAfrica
_937996
942 0 0 _014
_2lcc
_cMONOGRAPH